000 00345nam a2200157Ia 4500
003 Ost
005 20260225132543.0
008 260225s9999||||xx |||||||||||||| ||und||
040 _cfsic
041 _afre
082 _a440
100 _aGuy Delhaye
_eAuteur
245 0 _aLes acteurs de l'avenir /
245 0 _cGuy Delhaye
942 _cكتاب
999 _c33661
_d33661